000 01396nam a22002297a 4500
999 _c59092
_d59092
003 Ge_BSU
005 20221124112420.0
008 221124s1975ge xxu||||| |||| 00| 0 geo d
041 _ageo
080 _a821.111-32 გ-64
100 _aგოლზუორთი, ჯონ, 1867-1933, ავტორი.
_916024
245 _aმესაკუთრე : ნოველები /
_cჯონ გოლზუორთი ; წინასიტყვ. ავტ. და მთარგმნ.: ე. მაღრაძე ; ილ.: ლ. გრიგოლია ; ილ. სუპერზე ჯ. ლოლუასი.
264 _aთბილისი :
_bსაბჭ. საქართველო,
_c1975.
300 _a861 გვ. :
_b1 ფ. პორტრ. ;
_c21 სმ.
440 _aმსოფლიო ლიტერატურის ბიბლიოთეკა ; ტ. 69
_916025
653 _aმესაკუთრე : ნოველები
653 _aმხატვრული ლიტერატურა
700 _aმაღრაძე, ე
_eწინასიტყვაობის ავტორი და მთარგმნელი
_916026
700 _aგრიგოლია, ლ
_eილუსტრატორი
_97591
700 _a ლოლუასი, ჯ
_eილუსტრატორი
_916027
942 _2udc
_cBK